Hegatsez (Record no. 78758)

MARC details
000 -LEADER
campo de control de longitud fija 00603nam a2200205 i 4500
001 - NÚMERO DE CONTROL
campo de control 78758
003 - IDENTIFICADOR DE NÚMERO DE CONTROL
campo de control ES-MaACL
005 - FECHA Y HORA DE LA ÚLTIMA TRANSACCIÓN
campo de control 20230906173814.0
007 - CAMPO FIJO DE DESCRIPCIÓN FÍSICA--INFORMACIÓN GENERAL
campo de control de longitud fija t|
008 - DATOS DE LONGITUD FIJA--INFORMACIÓN GENERAL
campo de control de longitud fija 041015s1971 sp ||||1| baq d
245 00 - MENCIÓN DEL TÍTULO
Título Hegatsez
Resto del título : itz-lauzko bilduma 1971 /
Mención de responsabilidad, etc. Serafín Basauri, Juan San Martín.
260 ## - PUBLICACIÓN, DISTRIBUCIÓN, ETC.
Lugar de publicación, distribución, etc. Zarauz :
Nombre del editor, distribuidor, etc. Itxaropena,
Fecha de publicación, distribución, etc. [1971]
300 ## - DESCRIPCIÓN FÍSICA
Extensión 371 p. ;
Dimensiones 18 cm.
490 1# - MENCIÓN DE SERIE
Mención de serie Kuliska sorta ;
Designación de volumen o secuencia 71
700 1# - ENTRADA AGREGADA--NOMBRE PERSONAL
Nombre de persona Basauri, Serafín.
9 (RLIN) 26253
700 1# - ENTRADA AGREGADA--NOMBRE PERSONAL
Nombre de persona San Martín, Juan.
9 (RLIN) 102263
830 0# - PUNTO DE ACCESO ADICIONAL DE SERIE-TÍTULO UNIFORME
Título uniforme Kuliska sorta ;
Designación de volumen o secuencia 71
9 (RLIN) 182694
852 ## - LOCALIZACIÓN
Ubicación ES-MaACL
Número de control de estantería C-44857
Sublocalización o colección R.80262
Holdings
Estatus retirado Estado de pérdida Estado de daño No para préstamo Biblioteca de origen Biblioteca actual Ubicación en estantería Fecha de adquisición Fuente de adquisición Total de préstamos Signatura topográfica completa Código de barras Visto por última vez Precio de reemplazo Tipo de ítem Koha
        Biblioteca del Ateneo de Madrid Biblioteca del Ateneo de Madrid Depósito 2 17/01/2008     C-44857 1082369 23/02/2023 23/02/2023 Libro impreso